00680nam a2200241 a 4500001001300000003000900013005001700022008004100039020000900080082001500089100002100104245004500125260003600170300000900206500003500215505001000250650002100260700002100281902000800302942000700310952010600317999001500423nice12345678IN_TiNIC20260116011941.0050524s1961 cala grp 000 0 eng  ac2500a181.4bDAS aDasgupta, Surama aDevelopment of Moral Philosophy in India aCalcuttabOrient Longmannc1961 a266p aincludes index and biblioraphy2 aIndex aPhilosophy-Hindu1 aDasgupta, Surama bSRS cBK 00104070aHMIbHMId2007-03-16g25.00l2o181.4 DASp05773r2017-09-19s2017-09-14w2026-01-16yEB c5027d5027